00688cam a22002531 4500001001300000003000400013005001700017008004100034010001700075035002000092040001800112042001200130050001600142100002600158245002800184260002100212300004300233500002800276500005800304500001100362650002100373700002300394999001700417sa 65008053 DLC20260227112153.0900214s1962 ii ac 000 0 sano  asa 65008053  a(OCoLC)21063069 aDLCcWaUdDLC apremarc00aPK3605b.T52 aThangaswami Sarma, R.10aKalyāṇamañjarī. a[Madras]c[1962] axxxvii, 464 p.billus., ports.c22 cm. aAdded t. p. in English. aIn Sanskrit; introductory matter in English or Tamil. aPoems. 0aSanskrit poetry.1 aRajagopalan, M. A. c65517d65517